Deutsche Automobilhersteller - Sudden Death - Statistiken

Allgemein
  • Dieses Quiz wurde 114 mal gespielt
  • Das Durchschnittsergebnis liegt bei 9 aus 10
Answers on the Grid
Answers color-coded by a green-red scale on the quiz's grid according to % correct below.
Alpina
Audi
BMW
Ferrari
Fiat
Jaguar
Jeep
MAN
Mercedes-Benz
Mini
Opel
Porsche
Renault
Smart
Tesla
Volkswagen
 
Antwortstatistiken
Antwort % Korrekt
BMW
100%
Audi
99%
Mercedes-Benz
97%
Volkswagen
97%
Porsche
92%
Opel
91%
Smart
84%
MAN
83%
Mini
69%
Alpina
51%
Keine übereinstimmenden Quizze gefunden
Verteilung der Resultate
Anzahl Personen mit jedem Resultat
Perzentil nach korrekt beantworteten Fragen
Ihre Resultats-Entwicklung
Sie haben dieses Quiz noch nicht gespielt